| 000 | 00622nam a2200217 u 4500 | ||
|---|---|---|---|
| 005 | 20240831063742.0 | ||
| 008 | 111115s2004 es r 000 0 spa d | ||
| 020 | _a8495722550 | ||
| 035 | _aUPN01000182549 | ||
| 049 | _aI | ||
| 050 | 4 |
_aPZ76.3 _bV5.8 |
|
| 100 | 1 |
_aViana Martínez, Mercé, _d1946- _931962 |
|
| 245 | 1 | 4 |
_aLos tres amigos / _cMercé Viana ; il. Xan López Domínguez. |
| 260 |
_aAlzira, Esp. : _bAlgar, _cc2004. |
||
| 300 |
_a22 p. : _bil. col. |
||
| 440 | 0 |
_aLetra mágica ; _v14 |
|
| 650 | 4 |
_aCuentos infantiles españoles _97725 |
|
| 905 | _aInfantil | ||
| 999 |
_c154652 _d154652 |
||